000 00766nam a2200157 a 4500
008 100531s1992 ||||||||||||||||| || u
050 _aUN-ECA(02)
110 _aUnited Nations Economic Commission For Africa(UNECA)
245 1 0 _aStudy on the interconnection of railway networks in West Africa
_cby United Nations Economic Commission for Africa [UN-ECA]
260 _aNew York:
_bUNITED NATIONS ECONOMIC COMMISSION FOR AFRICA(UNECA)
_c1992
300 _aii, 261p.: ill.
350 _a0.00
500 _aBibliography; Includes Map of Railways within the ECOWAS
650 _aRAILROADS--AFRICA, WEST
995 _D0.00
_FCBU-MAIN LIBRARY (Kitwe)
_H1
_I0.00
_M1
_UAVAILABLE
_WFeb 16, 2012
_ZInternational Publications
999 _c58986
_d58986